<?xml version="1.0" encoding="UTF-8"?><?xml-stylesheet type="text/xsl" href="static/style.xsl"?><OAI-PMH xmlns="http://www.openarchives.org/OAI/2.0/" xmlns:xsi="http://www.w3.org/2001/XMLSchema-instance" xsi:schemaLocation="http://www.openarchives.org/OAI/2.0/ http://www.openarchives.org/OAI/2.0/OAI-PMH.xsd"><responseDate>2026-04-14T07:54:41Z</responseDate><request verb="GetRecord" identifier="oai:www.recercat.cat:2099.1/22404" metadataPrefix="marc">https://recercat.cat/oai/request</request><GetRecord><record><header><identifier>oai:recercat.cat:2099.1/22404</identifier><datestamp>2025-07-23T01:46:56Z</datestamp><setSpec>com_2072_1033</setSpec><setSpec>col_2072_452951</setSpec></header><metadata><record xmlns="http://www.loc.gov/MARC21/slim" xmlns:dcterms="http://purl.org/dc/terms/" xmlns:xsi="http://www.w3.org/2001/XMLSchema-instance" xmlns:doc="http://www.lyncode.com/xoai" xsi:schemaLocation="http://www.loc.gov/MARC21/slim http://www.loc.gov/standards/marcxml/schema/MARC21slim.xsd">
   <leader>00925njm 22002777a 4500</leader>
   <datafield ind2=" " ind1=" " tag="042">
      <subfield code="a">dc</subfield>
   </datafield>
   <datafield ind2=" " ind1=" " tag="720">
      <subfield code="a">Porres Bertomeu, Víctor</subfield>
      <subfield code="e">author</subfield>
   </datafield>
   <datafield ind2=" " ind1=" " tag="260">
      <subfield code="c">2014-06</subfield>
   </datafield>
   <datafield ind2=" " ind1=" " tag="520">
      <subfield code="a">En el presente proyecto se diseña el proceso de fabricación de un producto. Los objetivos son&#xd;
estudiar y analizar las técnicas de fabricación a utilizar, calcular los tiempos de mecanizado y&#xd;
producción, y a su vez evaluar los costes directos e indirectos sobre la actividad. En el&#xd;
desarrollo de este proceso se estudian la hoja de ruta y las hojas de fase de cada una de las&#xd;
piezas del producto, los tiempos de corte de todas las operaciones, los tiempos en máquina&#xd;
para la obtención de las piezas, los tiempos de montaje, la estructura de producción interna de&#xd;
la fábrica, la elección de la maquinaria necesaria para su producción, entre otros.&#xd;
El producto utilizado para el estudio es un diseño de un prototipo de aerogenerador que forma&#xd;
parte de un proyecto de Mecánica de la Escuela Técnica Superior de Ingeniería Industrial de&#xd;
Barcelona de la Universidad Politécnica de Cataluña.&#xd;
Para poder situar el proyecto en una posible realidad, se considera un producto eficaz y&#xd;
totalmente utilitario. Así pues, en los primeros apartados del proyecto se explica el&#xd;
funcionamiento del producto, sus principales características y los componentes necesarios&#xd;
para el montaje y puesta en marcha.</subfield>
   </datafield>
   <datafield tag="653" ind2=" " ind1=" ">
      <subfield code="a">Àrees temàtiques de la UPC::Energies::Energia eòlica::Aerogeneradors</subfield>
   </datafield>
   <datafield tag="653" ind2=" " ind1=" ">
      <subfield code="a">Wind turbines--Design and construction</subfield>
   </datafield>
   <datafield tag="653" ind2=" " ind1=" ">
      <subfield code="a">Aerogeneradors -- Disseny i construcció</subfield>
   </datafield>
   <datafield ind2="0" ind1="0" tag="245">
      <subfield code="a">Diseño del proceso de fabricación de un aerogenerador para el hogar</subfield>
   </datafield>
</record></metadata></record></GetRecord></OAI-PMH>